00609nam a2200181Ia 4500008004100000082001600041100001800057245002900075250000800104260002800112300001200140500002400152650001500176942000700191952010600198952010600304999001700410230524s9999 xx 000 0 und d a621.35bHUS aAshfaq Husain 0a"Networks and Systems ," a2ND aNEW DELHIbKhannac2004 aXX;1145 aQuantity Number: 2 aElectrical cBK 00104070aTATCLbTATCLcGENd2023-05-24l0o621.35 HUSp16298r2023-05-24w2023-05-24yBKzCPEC5203 00104070aTATCLbTATCLcGENd2023-05-24l0o621.35 HUSp16299r2023-05-24w2023-05-24yBKzCPEC5203 c36849d36849